00245nam a22000977a 4500020001800000100002200018245003400040260003400074300001700108490002200125 a9780375856464 aMary Pope Osborne aMoonlight on the magic flute. aNew York bRandom Housec2009 a106 pgsbill aMagic Tree House.